00499 2200169 4500001002100000008004100021035002000062245005600082100001400138260003400152300003100186020002200217084001700239082001100256650004900267990001300316INLIS000000000000249 ind  a0010-0120000249 aAl-Qur'an dan Hadisbuntuk MTS Kelas VIIcNurlailah aNurlailah aBandung :bYrama Widya,c2016 ax, 134 hlm.c20 x 26,5 cm. a978-602-277-806-3 a297.12 NUR a a297.12 aAl-Qur'an dan Hadist -- Studi dan Pengajaran a21900249